000
00285nam a22001217a 4500
008
170628b xxu||||| |||| 00| 0 eng d
041
_a
eng
080
_a
94
100
_a
18
101
_a
SHH
245
_a
THE STORY OF CIVILIZATION THE REFORMATION
_c
DURANT.W
942
_2
udc
_c
BK
999
_c
19319
_d
19319